Normal view
MARC view
Entry Personal Name
001 - CONTROL NUMBER
- control field: 54743
003 - CONTROL NUMBER IDENTIFIER
- control field: dpl
005 - DATE AND TIME OF LATEST TRANSACTION
- control field: 20130114142130.0
008 - FIXED-LENGTH DATA ELEMENTS
- fixed length control field: 130114|||a|||||| | ||| d
040 ## - CATALOGING SOURCE
- Original cataloging agency: dpl
- Transcribing agency: dpl
100 ## - HEADING--PERSONAL NAME
- Personal name: Chattopadhyay, Saumen
670 ## - SOURCE DATA FOUND
- Source citation: Work cat.: (dpl): Chattopadhyay, Saumen, Education and economics :, 2012
670 ## - SOURCE DATA FOUND
- Source citation: Work cat.: (dpl): Chattopadhyay, Saumen, Education and economics :, 2012
